000 00617nam a2200241 i 4500
001 C2-0219864
003 PPAK
005 20180728112309.0
008 990912s1990 nyu |||| ||||| | eng d
020 _a0671660802
040 _aPPAK
_beng
_cPPAK
_erda
082 0 4 _a823
_2 23
090 0 0 _a823
_bHOW
_dG
100 1 _aHoward, Linda,
_eauthor
245 1 2 _aA lady of the west
264 1 _aNew York :
_bPocket Books ,
_c1990
300 _a378 pages ;
_c18 cm
336 _2rdacontent
_atext
337 _2rdamedia
_aunmediated
338 _2rdacarrier
_avolume
650 1 0 _aEnglish fiction
942 _ddc
_cB
999 _c162414
_d162414